000 00558nam a22001937a 4500
003 OSt
005 20220831113756.0
008 220831b |||||||| |||| 00| 0 eng d
040 _cIFM Library
082 _a368.014
100 _aGupta, L.P.
_98876
245 _aInsurance Claims Solutions: A Guide to Life and General Insurance Claims
250 _aRevised Second Edition
260 _aBhopal:
_bDr L.P.Gupta,
_c2015
300 _avi,180p.
_bill.; 20cm
500 _aInclude Appendix and Reference
650 _aInsurance
_99153
942 _cBK
_2ddc
_n0
999 _c16007
_d16007